| 000 | 01608nam a2200265 a 4500 | ||
|---|---|---|---|
| 001 | 000046230 | ||
| 003 | DO-SdBNP | ||
| 005 | 20240302073951.0 | ||
| 007 | ta | ||
| 008 | 150708s2013 dr ac 000 0 spa d | ||
| 020 | _z978994508 | ||
| 040 |
_aDO-SdBNP _bspa _cBNPHU |
||
| 082 | 4 | _222 | |
| 100 | 1 |
_aCassá, Roberto, _d1948- _910888 |
|
| 245 | 1 | 0 |
_aSuperintendencia de bancos de la República Dominicana 65 años de historia / _cRoberto Cassá ; edición Ángela Peña ; colaboración especial Luis Marcos Soto ; coordinación general Mónica Bernard. |
| 260 |
_aSanto Domingo : _bSuperintendencia de Bancos de la República Dominicana, _c2013. |
||
| 300 |
_a348 p. : _bil., retrs. ; _c28 cm. |
||
| 500 | _aIncluye índice onomástico | ||
| 500 | _aIncluye referencias bibliográficas y notas al pie de las páginas. | ||
| 505 | 0 |
_aPresentación -- _tIntroducción -- _gCapítulo I _tAntecedentes -- _gCapítulo II _tCreación de la Superintendencia de bancos -- _gCapítulo III _tEvaluación durante la última etapa de trujillo -- _gCapítulo lV _tRecomposición bancaria -- _gCapítulo V _tExpanción del sistema financiero -- _gCapítulo VI _tReforma nueva crisis -- _gCapítulo VII _tRedefinición: Supervición basada en riesgos -- _gAnexo I _tCronología de los Superintendentes -- _gAnexo II _tSemblanzas de los Superintendentes -- _gAnexo III _tCronología de los intendentes generales -- _gAnexo IV _tSemblanzas de tres intendentes generales -- _tIndice de cuadros. |
|
| 590 | _aInventariado, 2022/BT | ||
| 700 | 1 |
_aPeña, Ángela, _eed. _937722 |
|
| 700 | 1 |
_aBernard, Mónica, _ecoord. _974266 |
|
| 942 |
_2ddc _cLBS1 |
||
| 999 |
_c45719 _d45719 |
||